分省车牌-广东&海南省 Guangdong&Hainan license plate corresponding cities - Statistics

General Stats
  • This quiz has been taken 81 times
  • The average score is 21 of 26
Answer Stats
车牌 地市 % Correct
粤A 广州市
100%
粤B 深圳市
100%
粤C 珠海市
98%
粤D 汕头市
95%
粤EXY 佛山市
95%
粤F 韶关市
88%
粤G 湛江市
86%
粤H 肇庆市
84%
粤L 惠州市
84%
粤K 茂名市
82%
粤S 东莞市
82%
琼A 海口市
82%
琼B 三亚市
82%
粤M 梅州市
79%
粤N 汕尾市
79%
粤P 河源市
79%
粤Q 阳江市
79%
粤U 潮州市
79%
琼D 琼南各县市
77%
粤J 江门市
75%
粤R 清远市
75%
粤T 中山市
75%
粤W 云浮市
75%
琼C 三沙市/琼北各县市
75%
粤V 揭阳市
74%
琼EF 儋州市
63%
No matching quizzes found
Score Distribution
Percent of People with Each Score
Percentile by Number Answered
Your Score History
You have not taken this quiz